LEADER 00983nam a2200241 i 4500 001 000000143381 003 CaOOAMICUS 005 20050930000000.0 008 050930s1912 it u000 u ita u 013 $a118739 040 $aSeMil$bita 100 1 $aCantono, Alessandro.$0(OLS)http://semarc/name/25033 245 10$aStoria del Socialismo Italiano /$cDott. Alessandro Cantono. 260 $aTorino :$bSocietŕ Editrice Internazionale,$c1912. 300 $a88 p. ;$c19 cm. 490 0 $aPer la cultura ;$v1 650 4$aSocialismo - Storia.$0(OLS)http://semarc/subject/3121 830 0$aPer la cultura ;$v1.$0(OLS)http://semarc/title/19001 850 $aSeMil 852 $aSeMil$W1$xVenegono$y1$m54 157 1 *$j96480$B96480$CSeMilBibl$Z2$F103666 $81 961 $aRecupero: Biblioteca Seminario Saronno 996 $6245$aStoria del Socialismo Italiano$9(OLS)http://semarc/title/209859 996 $6260$aTorino :$bSocietŕ Editrice Internazionale$9(OLS)http://semarc/publisher/29847 LEADER 01190nam a2200265 4500 001 000000347124 003 CaOOAMICUS 005 20210805143831.0 008 210721s1993 pr 000 u spa r 020 $a0-8477-0205-7 040 $aSeMil$bita 100 1 $aFerré, Rosario,$d<1938-2016>.$0(OLS)http://semarc/name/114331 245 13$aLa batalla de las vírgenes /$cRosario Ferré. 264 1$aSan Juan :$bEditorial de la Universidad de Puerto Rico,$c1993. 300 $a121 p. ;$c23 cm 541 0 $aOmaggio card. Angelo Scola (1V IV 336) 650 4$aLetteratura latino-americana.$0(OLS)http://semarc/subject/7923 850 $aSeMil 852 $aSeMil$W1$xVenegono$y1$m1V IV 336$j227714$B238187$CSeMilBibl$Z2$F238187 $81 941 1 $a6 961 $aOmaggio card. Angelo Scola. -- Nei preliminari ex libris Angelo Scola, rettore magnifico della Pontificia universitŕ lateranense 996 $6020$a0-8477-0205-7$9(OLS)http://semarc/number/293704 996 $6245$aLa batalla de las vírgenes$9(OLS)http://semarc/title/436370 996 $6264$aSan Juan :$bEditorial de la Universidad de Puerto Rico$9(OLS)http://semarc/publisher/60008